<?xml version="1.0" encoding="UTF-8"?>
<record
    xmlns:xsi="http://www.w3.org/2001/XMLSchema-instance"
    xsi:schemaLocation="http://www.loc.gov/MARC21/slim http://www.loc.gov/standards/marcxml/schema/MARC21slim.xsd"
    xmlns="http://www.loc.gov/MARC21/slim">

  <leader>03790nam a22002657a 4500</leader>
  <controlfield tag="005">20240305165521.0</controlfield>
  <controlfield tag="007">cr||||   |||| </controlfield>
  <controlfield tag="008">190516s2019    es |||||s|||| 00||0 spa d</controlfield>
  <datafield tag="020" ind1=" " ind2=" ">
    <subfield code="a">978-84-949922-6-1</subfield>
  </datafield>
  <datafield tag="035" ind1=" " ind2=" ">
    <subfield code="a">23394</subfield>
  </datafield>
  <datafield tag="040" ind1=" " ind2=" ">
    <subfield code="a">vLex</subfield>
  </datafield>
  <datafield tag="090" ind1=" " ind2=" ">
    <subfield code="c">8723</subfield>
    <subfield code="d">8723</subfield>
  </datafield>
  <datafield tag="100" ind1="1" ind2=" ">
    <subfield code="a">V&#xE1;zquez Lemos, Ana</subfield>
  </datafield>
  <datafield tag="245" ind1="1" ind2="0">
    <subfield code="a">Fundamentos hist&#xF3;ricos y jur&#xED;dicos de la libertad de testar</subfield>
    <subfield code="h">[Recurso electr&#xF3;nico] /</subfield>
    <subfield code="c">Ana V&#xE1;zquez Lemos</subfield>
  </datafield>
  <datafield tag="256" ind1=" " ind2=" ">
    <subfield code="a">Servicio en l&#xED;nea</subfield>
  </datafield>
  <datafield tag="260" ind1=" " ind2=" ">
    <subfield code="a">Barcelona:</subfield>
    <subfield code="b">J.M. Bosch Editor,</subfield>
    <subfield code="c">2019</subfield>
  </datafield>
  <datafield tag="300" ind1=" " ind2=" ">
    <subfield code="a">1 recurso electr&#xF3;nico</subfield>
  </datafield>
  <datafield tag="500" ind1=" " ind2=" ">
    <subfield code="a">El presente estudio contiene una revisi&#xF3;n en profundidad de la tesis doctoral elaborada por la autora, bajo la direcci&#xF3;n de la profesora Margarita Fuenteseca, Catedr&#xE1;tica de Derecho romano. Tiene como objetivo principal situar en su contexto hist&#xF3;rico la figura de los herederos forzosos, esto es, de las personas que por ley tienen derecho a una parte de la herencia, con independencia de las disposiciones testamentarias del causante. Se trata de determinar su momento de aparici&#xF3;n en el derecho hist&#xF3;rico espa&#xF1;ol, con el fin de contribuir a la aclaraci&#xF3;n de los fundamentos hist&#xF3;ricos y legislativos del derecho de sucesiones actualmente vigente y, sobre todo, de proporcionar una s&#xF3;lida base para un futuro cambio de legislaci&#xF3;n, si la hubiese, en materia de derecho de sucesiones. Que en Derecho romano no existieron los herederos forzosos se deduce claramente de las fuentes del derecho romano, extensamente analizadas, y en cuyo espejo se mir&#xF3; la posterior legislaci&#xF3;n hist&#xF3;rica de la Pen&#xED;nsula Ib&#xE9;rica durante siglos (C&#xF3;digo de Eurico, Lex Romana Visigothorum LRV, Lex Visigothorum LV, Las Partidas, el Fuero Real, las Leyes de Toro, la Nov&#xED;sima Recopilaci&#xF3;n) hasta la irrupci&#xF3;n del C.c. Conforme a este trabajo de investigaci&#xF3;n, la portio debita, a la que buena parte de la doctrina atribuye el significado de ser una porci&#xF3;n de la herencia que necesariamente deb&#xED;a ir a parar a los hijos, ser&#xED;a en realidad una porci&#xF3;n que se deb&#xED;a otorgar a estos, cuando eran instituidos herederos colectivamente, con la finalidad de proporcionarles una cantidad m&#xED;nima en el patrimonio del padre para asegurar su aceptaci&#xF3;n y garantizar, de esta forma, la validez del testamento, pero existiendo siempre plena libertad para instituir heredero. Esto suced&#xED;a incluso en &#xE9;poca de Justiniano, que es cuando tradicionalmente se ha situado el nacimiento de la leg&#xED;tima, entendida como porci&#xF3;n que, obligatoriamente pertenece a los hijos y que por este motivo se han llamado herederos forzosos. Esta concepci&#xF3;n, seg&#xFA;n la autora, es producto de la aplicaci&#xF3;n retroactiva de los conceptos de derecho sucesorio vigentes ahora en Espa&#xF1;a. Con este estudio se demuestra que los legitimarios entendidos como herederos forzosos no tienen su origen en el derecho romano, sino en el C.c. espa&#xF1;ol, y esto habr&#xED;a provocado adem&#xE1;s serios desajustes en los distintos derechos auton&#xF3;micos, actualmente vigentes en Espa&#xF1;a, que se vieron forzados a adaptarse al nuevo sistema sucesorio del derecho com&#xFA;n, a excepci&#xF3;n de Catalu&#xF1;a, en cuyo derecho hist&#xF3;rico ya exist&#xED;an los herederos forzosos y, por extensi&#xF3;n, tambi&#xE9;n Valencia y las Islas Baleares.</subfield>
  </datafield>
  <datafield tag="506" ind1="1" ind2=" ">
    <subfield code="a">Disponible solo en los productos indicados</subfield>
    <subfield code="d">vLex Global</subfield>
    <subfield code="d">vLex Global (Academic Edition, excluding Law Schools)</subfield>
    <subfield code="d">vLex Global (U.S. Academic Edition, Law Schools)</subfield>
    <subfield code="d">vLex Global (U.S. Academic Edition, excluding Law Schools)</subfield>
    <subfield code="d">vLex Global (Academic Edition, Law Schools)</subfield>
  </datafield>
  <datafield tag="650" ind1="0" ind2="4">
    <subfield code="a">Derecho Civil</subfield>
    <subfield code="z">Espa&#xF1;a</subfield>
  </datafield>
  <datafield tag="650" ind1="0" ind2="4">
    <subfield code="a">Familia y Sucesiones</subfield>
    <subfield code="z">Espa&#xF1;a</subfield>
  </datafield>
  <datafield tag="740" ind1="0" ind2=" ">
    <subfield code="a">vLex Libros (Servicio en l&#xED;nea)</subfield>
  </datafield>
  <datafield tag="856" ind1="4" ind2="0">
    <subfield code="u">https://app.vlex.com/#/sources/fundamentos-historicos-y-juridicos-de-la-libertad-de-testar-23394</subfield>
  </datafield>
  <datafield tag="942" ind1=" " ind2=" ">
    <subfield code="c">RAA</subfield>
  </datafield>
  <datafield tag="952" ind1=" " ind2=" ">
    <subfield code="0">0</subfield>
    <subfield code="1">0</subfield>
    <subfield code="4">0</subfield>
    <subfield code="7">0</subfield>
    <subfield code="8">VLEX</subfield>
    <subfield code="9">324930</subfield>
    <subfield code="a">BD-UIN</subfield>
    <subfield code="b">BD-UIN</subfield>
    <subfield code="d">2024-03-05</subfield>
    <subfield code="l">0</subfield>
    <subfield code="p">23394</subfield>
    <subfield code="r">2024-03-05</subfield>
    <subfield code="w">2024-03-05</subfield>
    <subfield code="y">RAA</subfield>
  </datafield>
  <datafield tag="999" ind1=" " ind2=" ">
    <subfield code="c">166960</subfield>
    <subfield code="d">166960</subfield>
  </datafield>
</record>
